[Event "Moravia-Silesia Region-chT 2223"]
[Site "Czech Republic"]
[Date "2022.12.11"]
[Round "5"]
[White "Pelc, Adam"]
[Black "Kopec, Ladislav"]
[Result "0-1"]
[WhiteElo "1873"]
[BlackElo "2058"]
[PlyCount "92"]
[EventDate "2022.10.09"]
[EventType "team-tourn"]
[EventRounds "11"]
[EventCountry "CZE"]
[SourceTitle "EXT 2024"]
[Source "ChessBase"]
[SourceDate "2023.10.10"]
[SourceVersion "1"]
[SourceVersionDate "2023.10.10"]
[SourceQuality "1"]
[WhiteTeam "Bruntal"]
[BlackTeam "Ostrava III"]
[WhiteTeamCountry "CZE"]
[BlackTeamCountry "CZE"]

1. e4 c5 2. Nc3 a6 3. Nf3 e6 4. g3 b5 5. Bg2 Bb7 6. d3 d6 7. 0-0 Nf6 8. h3 Be7 9. Ne1 Qc7 10. f4 Nc6 11. Nf3 Nd7 12. Qe2 Nd4 13. Nxd4 cxd4 14. Nd1 e5 15. c3 dxc3 16. bxc3 exf4 17. Bxf4 0-0 18. Rc1 Nc5 19. Ne3 Ne6 20. Nf5 Nxf4 21. gxf4 Bf6 22. d4 g6 23. Nh6+ Kh8 24. Ng4 Bg7 25. f5 Rfe8 26. f6 Bf8 27. Qd3 Rac8 28. h4 Qc4 29. Qe3 h5 30. Nf2 Kh7 31. Nh3 Bh6 32. Ng5+ Bxg5 33. hxg5 Qxa2 34. Rf4 b4 35. Rh4 Rxc3 36. Rxc3 bxc3 37. Qxc3 Qb1+ 38. Kh2 Bxe4 39. Qc7 Qa2 40. Rxe4 Rxe4 41. d5 Rh4+ 42. Kg1 Qa1+ 43. Kf2 Qd4+ 44. Ke2 Qc4+ 45. Qxc4 Rxc4 46. Kd3 Rg4 0-1

[Event "CZE-chT1E 1617"]
[Site "Czech Republic"]
[Date "2017.01.22"]
[Round "6.3"]
[White "Bares, Jachym"]
[Black "Kopec, Ladislav"]
[Result "1/2-1/2"]
[WhiteElo "1906"]
[BlackElo "2109"]
[PlyCount "58"]
[EventDate "2016.10.16"]
[EventType "team-tourn"]
[EventRounds "11"]
[EventCountry "CZE"]
[SourceTitle "CBM 177 Extra"]
[Source "ChessBase"]
[SourceDate "2017.04.27"]
[SourceVersion "1"]
[SourceVersionDate "2017.04.27"]
[SourceQuality "1"]
[WhiteTeam "Grygov"]
[BlackTeam "Ostrava"]
[WhiteTeamCountry "CZE"]
[BlackTeamCountry "CZE"]

1. e4 c5 2. d4 cxd4 3. c3 dxc3 4. Nxc3 Nc6 5. Nf3 d6 6. Bc4 Nf6 7. e5 dxe5 8. Qxd8+ Nxd8 9. Nb5 Bg4 10. Nc7+ Kd7 11. Nxa8 Bxf3 12. gxf3 e6 13. Be3 Bb4+ 14. Ke2 Nc6 15. Rhd1+ Kc8 16. a3 Be7 17. b4 Kb8 18. Nb6 axb6 19. Bxb6 Rc8 20. Bb3 Nd4+ 21. Bxd4 exd4 22. Rxd4 Nd5 23. Bxd5 Bf6 24. Bxb7 Bxd4 25. Bxc8 Bxa1 26. Bd7 Bb2 27. a4 Bc3 28. b5 Kc7 29. Be8 f6 1/2-1/2

[Event "CZE-ch U12"]
[Site "Kouty nad Desnou"]
[Date "2015.03.10"]
[Round "5"]
[White "Kopec, Ladislav"]
[Black "Barak, David"]
[Result "0-1"]
[WhiteElo "1450"]
[BlackElo "1527"]
[PlyCount "114"]
[EventDate "2015.03.07"]
[EventType "swiss"]
[EventRounds "9"]
[EventCountry "CZE"]
[SourceTitle "EXT 2017"]
[Source "ChessBase"]
[SourceDate "2016.10.25"]
[SourceVersion "1"]
[SourceVersionDate "2016.10.25"]
[SourceQuality "1"]

1. e4 c5 2. Nf3 Nc6 3. Bb5 d6 4. Bxc6+ bxc6 5. 0-0 e5 6. c3 Nf6 7. Re1 Bg4 8. d4 cxd4 9. cxd4 Be7 10. h3 Bxf3 11. Qxf3 exd4 12. e5 Nd5 13. exd6 Qxd6 14. Qg4 0-0 15. Qxd4 Bf6 16. Qd1 Rad8 17. Na3 Nb4 18. Qf3 Qd5 19. Qg4 a5 20. Rb1 Nxa2 21. Bf4 Qd4 22. Rbd1 Qxb2 23. Rxd8 Rxd8 24. Qd7 h6 25. Re8+ Rxe8 26. Qxe8+ Kh7 27. Qe4+ g6 28. Nc4 Qd4 29. Qxd4 Bxd4 30. Nxa5 c5 31. Kf1 Nb4 32. f3 Nd3 33. Bd2 Nb2 34. Nb3 Nc4 35. Ke2 Nxd2 36. Kxd2 Bg1 37. Kc3 g5 38. Nd2 Kg6 39. g4 Kf6 40. Nc4 Ke6 41. Kd3 Kd5 42. Kc3 Bd4+ 43. Kd3 f6 44. Nd2 Ke5 45. Ke2 Kf4 46. Ne4 c4 47. Nd6 c3 48. Nf5 Be5 49. Nxh6 Kg3 50. Nf5+ Kxh3 51. Ke3 Kg2 52. Ke2 c2 53. Kd2 Kxf3 54. Kxc2 Kxg4 55. Ne3+ Kf3 56. Kd2 Bf4 57. Ke1 Bxe3 0-1

[Event "CZE-ch U12"]
[Site "Kouty nad Desnou"]
[Date "2015.03.10"]
[Round "4"]
[White "Nytra, Ondrej"]
[Black "Kopec, Ladislav"]
[Result "1-0"]
[WhiteElo "1573"]
[BlackElo "1450"]
[PlyCount "129"]
[EventDate "2015.03.07"]
[EventType "swiss"]
[EventRounds "9"]
[EventCountry "CZE"]
[SourceTitle "EXT 2017"]
[Source "ChessBase"]
[SourceDate "2016.10.25"]
[SourceVersion "1"]
[SourceVersionDate "2016.10.25"]
[SourceQuality "1"]

1. e4 c5 2. Nf3 d6 3. d4 cxd4 4. Nxd4 Nf6 5. Nc3 a6 6. Be2 e6 7. 0-0 Be7 8. f4 0-0 9. Kh1 Qc7 10. a4 b6 11. Bf3 Bb7 12. g4 Nc6 13. Be3 Rfd8 14. Nb3 Rac8 15. g5 Ne8 16. Bg2 f6 17. Bh3 Qd7 18. Bxb6 Nc7 19. Bxc7 Rxc7 20. Nd5 Na7 21. Nxc7 Bxe4+ 22. Kg1 Qxc7 23. Bxe6+ Kh8 24. Nd4 d5 25. c3 fxg5 26. Bf5 gxf4 27. Bxe4 dxe4 28. Qg4 Bd6 29. Rae1 Re8 30. h3 Qb6 31. Qf5 Qb7 32. b4 e3 33. h4 Qe7 34. Nf3 Qc7 35. Ng5 g6 36. Qf6+ Kg8 37. Re2 Nc6 38. Nf3 Be7 39. Qe6+ Kh8 40. Ng5 Nd8 41. Qd5 Bxg5 42. Qd4+ Kg8 43. hxg5 Ne6 44. Qd5 Qe7 45. Rxf4 Qxg5+ 46. Qxg5 Nxg5 47. Rg4 Re5 48. Rg3 h5 49. Rexe3 Rf5 50. c4 h4 51. Rg4 h3 52. b5 axb5 53. cxb5 Nf3+ 54. Rxf3 Rxf3 55. Rxg6+ Kf7 56. Rg4 Ke7 57. Kh2 Ra3 58. Rd4 Ke6 59. b6 Rb3 60. a5 Ke5 61. Rd8 Rb5 62. Kxh3 Rxa5 63. b7 Rb5 64. b8Q+ Rxb8 65. Rxb8 1-0

[Event "Ostrava Konik op"]
[Site "Ostrava"]
[Date "2014.04.28"]
[Round "3"]
[White "Kuzel, Jaroslav"]
[Black "Kopec, Ladislav"]
[Result "0-1"]
[WhiteElo "1000"]
[BlackElo "1450"]
[PlyCount "66"]
[EventDate "2014.04.26"]
[EventType "swiss"]
[EventRounds "9"]
[EventCountry "CZE"]
[SourceTitle "CBM 160 Extra"]
[Source "ChessBase"]
[SourceDate "2014.07.01"]
[SourceVersion "1"]
[SourceVersionDate "2014.07.01"]
[SourceQuality "1"]

1. e4 c5 2. d4 cxd4 3. Qxd4 Nc6 4. Qc3 d5 5. Bh6 Nxh6 6. f3 e6 7. g4 a6 8. g5 Qxg5 9. Nd2 Be7 10. 0-0-0 Bd7 11. Nh3 Qf6 12. Qxf6 Bxf6 13. Nc4 Be7 14. Nb6 Rd8 15. f4 Ng8 16. Rg1 g6 17. f5 exf5 18. exf5 Bxf5 19. Ng5 h6 20. Nf3 Nf6 21. Nd4 Nxd4 22. Rxd4 0-0 23. h4 h5 24. Na4 Ne4 25. Nc3 Nxc3 26. bxc3 Bxh4 27. c4 dxc4 28. Rxd8 Rxd8 29. Kb2 Bf6+ 30. Ka3 Rd2 31. Kb4 Rxc2 32. a4 c3 33. Kb3 Rf2 0-1

[Event "CZE-ch U12"]
[Site "Kouty nad Desnou"]
[Date "2014.03.14"]
[Round "8"]
[White "Kopec, Ladislav"]
[Black "Ocko, Dominik"]
[Result "1/2-1/2"]
[WhiteElo "1456"]
[BlackElo "1490"]
[PlyCount "43"]
[EventDate "2014.03.08"]
[EventType "swiss"]
[EventRounds "9"]
[EventCountry "CZE"]
[SourceTitle "EXT 2015"]
[Source "ChessBase"]
[SourceDate "2014.11.20"]
[SourceVersion "1"]
[SourceVersionDate "2014.11.20"]
[SourceQuality "1"]

1. f4 d5 2. b3 Nf6 3. Bb2 g6 4. e3 Bg7 5. Nf3 0-0 6. Be2 c5 7. 0-0 Nc6 8. Qe1 Re8 9. Ne5 Qc7 10. d3 Nd7 11. Qf2 Rf8 12. d4 cxd4 13. exd4 Ncxe5 14. fxe5 Qxc2 15. Ba3 Qf5 16. Qxf5 gxf5 17. Bxe7 Re8 18. Bd6 a6 19. Rxf5 Nxe5 20. Rxe5 Bxe5 21. dxe5 Be6 22. Nc3 1/2-1/2

[Event "CZE-ch U12"]
[Site "Kouty nad Desnou"]
[Date "2014.03.11"]
[Round "5"]
[White "Broz, Petr"]
[Black "Kopec, Ladislav"]
[Result "0-1"]
[WhiteElo "1491"]
[BlackElo "1456"]
[PlyCount "136"]
[EventDate "2014.03.08"]
[EventType "swiss"]
[EventRounds "9"]
[EventCountry "CZE"]
[SourceTitle "EXT 2015"]
[Source "ChessBase"]
[SourceDate "2014.11.20"]
[SourceVersion "1"]
[SourceVersionDate "2014.11.20"]
[SourceQuality "1"]

1. e4 c5 2. Nf3 d6 3. d4 cxd4 4. Nxd4 Nf6 5. Nc3 a6 6. Be2 e6 7. 0-0 Be7 8. a4 b6 9. Bf3 d5 10. exd5 exd5 11. Bf4 0-0 12. Bxb8 Rxb8 13. Nc6 Qc7 14. Nxd5 Nxd5 15. Bxd5 Bb7 16. Nxb8 Rd8 17. Bxb7 Rxd1 18. Raxd1 Qxb7 19. Rd7 Qxb8 20. Rxe7 g6 21. Rfe1 Qf4 22. R7e4 Qd2 23. R4e2 Qb4 24. b3 Qc5 25. Kf1 Qc7 26. Kg1 Qc5 27. h3 Qc7 28. f4 Qxf4 29. Rf2 Qc7 30. Ref1 Qc5 31. Kh2 Qe5+ 32. Kh1 f5 33. g4 Qe4+ 34. Rg2 f4 35. g5 Qe3 36. Kh2 f3 37. Rgf2 Qxg5 38. Rxf3 Qe5+ 39. Kg2 Qe2+ 40. R1f2 Qe4 41. Kg3 Qe5+ 42. Rf4 Qe3+ 43. Kg4 Qe6+ 44. Kg3 Qe5 45. Kg2 Qd5+ 46. R4f3 g5 47. Kg3 Qe5+ 48. Kg4 Qe4+ 49. Kxg5 Qg6+ 50. Kf4 Qf6+ 51. Ke4 Qe6+ 52. Kd4 Qd6+ 53. Kc3 Qe5+ 54. Kd2 Qd4+ 55. Rd3 Qxf2+ 56. Kc3 Qc5+ 57. Kb2 Qe5+ 58. Ka2 b5 59. axb5 axb5 60. Rd8+ Kg7 61. Rd7+ Kg6 62. Rd3 b4 63. Kb1 Qe1+ 64. Kb2 Qf2 65. Kb1 Kf5 66. Rd8 Qf1+ 67. Kb2 Qxh3 68. Rd3 Qxd3 0-1

[Event "CZE-ch U12"]
[Site "Kouty nad Desnou"]
[Date "2014.03.09"]
[Round "2"]
[White "Svanda, Ondrej"]
[Black "Kopec, Ladislav"]
[Result "1-0"]
[WhiteElo "1756"]
[BlackElo "1456"]
[PlyCount "85"]
[EventDate "2014.03.08"]
[EventType "swiss"]
[EventRounds "9"]
[EventCountry "CZE"]
[SourceTitle "EXT 2015"]
[Source "ChessBase"]
[SourceDate "2014.11.20"]
[SourceVersion "1"]
[SourceVersionDate "2014.11.20"]
[SourceQuality "1"]

1. e4 c5 2. Nc3 a6 3. f4 b5 4. Nf3 Bb7 5. d3 e6 6. g3 d6 7. Bg2 Nf6 8. 0-0 Nc6 9. h3 Be7 10. Ne2 Qc7 11. c3 h6 12. Qe1 Nh7 13. d4 cxd4 14. Nexd4 g5 15. f5 e5 16. Nxc6 Qxc6 17. Nd2 Nf6 18. Qe2 h5 19. Re1 g4 20. h4 Qb6+ 21. Kh2 Kd7 22. Nb3 Rag8 23. Rd1 Ke8 24. Be3 Qc6 25. Na5 Qc7 26. Nxb7 Qxb7 27. Qd3 Nd7 28. b4 f6 29. Rd2 Nb6 30. Bg1 Nc4 31. Re2 Kf7 32. a4 Ra8 33. Rea2 Rhc8 34. Bf1 Kf8 35. Qc2 Rab8 36. axb5 axb5 37. Qc1 Qxe4 38. Qh6+ Kg8 39. Bg2 Qd3 40. Ra7 Re8 41. Bc6 Qe2+ 42. Kh1 e4 43. Bd5# 1-0

[Event "Ostrava Konik op-B"]
[Site "Ostrava"]
[Date "2012.04.29"]
[Round "2"]
[White "Kopec, Ladislav"]
[Black "Pistovcakova, Aneta"]
[Result "0-1"]
[WhiteElo "2166"]
[BlackElo "1557"]
[PlyCount "68"]
[EventDate "2012.04.28"]
[EventType "swiss"]
[EventRounds "9"]
[EventCountry "CZE"]
[SourceTitle "CBM 148 Extra"]
[Source "ChessBase"]
[SourceDate "2012.06.22"]
[SourceVersion "1"]
[SourceVersionDate "2012.06.22"]
[SourceQuality "1"]

1. e4 c5 2. Nf3 g6 3. d4 cxd4 4. Nxd4 Nc6 5. c3 Bg7 6. Be3 Nf6 7. Qf3 0-0 8. Bd3 Ne5 9. Qe2 Nfg4 10. Bf4 Nxd3+ 11. Qxd3 e5 12. Bxe5 Nxe5 13. Qg3 d5 14. Nd2 dxe4 15. Nxe4 Re8 16. 0-0 Nc4 17. Rfe1 h6 18. b3 Ne5 19. Rad1 Qb6 20. Nf3 Nxf3+ 21. Qxf3 Bf5 22. c4 Qc6 23. Ng3 Qxf3 24. gxf3 Bc3 25. Rxe8+ Rxe8 26. Nxf5 gxf5 27. Rd7 Re2 28. Rxb7 Rxa2 29. c5 Bd4 30. c6 Kg7 31. c7 Rc2 32. Kg2 Rxf2+ 33. Kg3 Rc2 34. Kf4 Kf6 0-1

[Event "CZE-chT2F 1112"]
[Site "Czech Republic"]
[Date "2012.02.05"]
[Round "7.16"]
[White "Drbul, Pavel"]
[Black "Kopec, Ladislav"]
[Result "1/2-1/2"]
[WhiteElo "1867"]
[BlackElo "2166"]
[PlyCount "75"]
[EventDate "2011.10.09"]
[EventType "team-tourn"]
[EventRounds "11"]
[EventCountry "CZE"]
[SourceTitle "EXT 2013"]
[Source "ChessBase"]
[SourceDate "2012.11.22"]
[SourceVersion "1"]
[SourceVersionDate "2012.11.22"]
[SourceQuality "1"]
[WhiteTeam "Havirov II"]
[BlackTeam "Ostrava Mittal"]
[WhiteTeamCountry "CZE"]
[BlackTeamCountry "CZE"]

1. e4 c5 2. Nf3 e6 3. d4 cxd4 4. Nxd4 a6 5. Be2 Nf6 6. Bf3 Qc7 7. 0-0 Nc6 8. Nxc6 dxc6 9. Nc3 e5 10. Be3 b5 11. h3 Be7 12. Ne2 Be6 13. Ng3 Rd8 14. Qc1 0-0 15. Rd1 Rxd1+ 16. Qxd1 Rd8 17. Qe1 g6 18. b3 Ne8 19. Rd1 Rxd1 20. Bxd1 Qd6 21. Bg4 Ng7 22. Bxe6 Nxe6 23. Qc3 c5 24. Kh2 Nd4 25. Bxd4 exd4 26. Qf3 c4 27. Kg1 d3 28. cxd3 cxd3 29. e5 Qd4 30. e6 fxe6 31. Qe4 Qd7 32. Qe1 d2 33. Qd1 Qd3 34. Nf1 Bg5 35. Kh2 Kf7 36. g3 Qc3 37. f4 Bf6 38. Qxd2 1/2-1/2

[Event "Ostrava Konik op-B"]
[Site "Ostrava"]
[Date "2011.04.30"]
[Round "1"]
[White "Stetz, Jan"]
[Black "Kopec, Ladislav"]
[Result "1-0"]
[WhiteElo "1710"]
[BlackElo "2167"]
[PlyCount "39"]
[EventDate "2011.04.30"]
[EventType "swiss"]
[EventRounds "9"]
[EventCountry "CZE"]
[SourceTitle "CBM 142 Extra"]
[Source "ChessBase"]
[SourceDate "2011.06.27"]
[SourceVersion "1"]
[SourceVersionDate "2011.06.27"]
[SourceQuality "1"]

1. d4 c5 2. e3 e6 3. Nf3 Nc6 4. Nc3 Nf6 5. Be2 d5 6. 0-0 Bd6 7. Re1 Qc7 8. Nb5 Qd7 9. Nxd6+ Qxd6 10. c4 b6 11. b3 h5 12. Bb2 Bb7 13. dxc5 bxc5 14. cxd5 Nxd5 15. e4 Nf4 16. Qxd6 Ng6 17. Bb5 Rc8 18. Rad1 Nf8 19. Bxg7 Rg8 20. Bf6 1-0

[Event "CZE-chT2F 1011"]
[Site "Czech Republic"]
[Date "2011.03.06"]
[Round "9.2"]
[White "Kopec, Ladislav"]
[Black "Hrabal, Michal"]
[Result "1/2-1/2"]
[WhiteElo "2194"]
[BlackElo "1972"]
[PlyCount "87"]
[EventDate "2010.10.17"]
[EventType "team-tourn"]
[EventRounds "11"]
[EventCountry "CZE"]
[SourceTitle "EXT 2012"]
[Source "ChessBase"]
[SourceDate "2011.11.24"]
[SourceVersion "1"]
[SourceVersionDate "2011.11.24"]
[SourceQuality "1"]
[WhiteTeam "Ostrava Mittal II"]
[BlackTeam "Unicov"]
[WhiteTeamCountry "CZE"]
[BlackTeamCountry "CZE"]

1. Nf3 Nc6 2. d4 d5 3. g3 Bg4 4. Bg2 Nf6 5. Ne5 Bf5 6. Nxc6 bxc6 7. c4 e6 8. Qa4 Qd7 9. Nd2 c5 10. Qxd7+ Kxd7 11. dxc5 Bxc5 12. 0-0 Rab8 13. Nb3 Bd6 14. cxd5 exd5 15. Be3 a5 16. Rac1 Be6 17. Bd4 Rb5 18. Rfd1 Rhb8 19. Rd2 Ke7 20. e3 g6 21. Bf1 Ne4 22. Rdc2 Rxb3 23. axb3 c5 24. Bc3 Rxb3 25. Bxa5 c4 26. Bg2 Nc5 27. Bc3 Nd3 28. Ra1 Bc5 29. Bf1 Bf5 30. Rd2 Ke6 31. Be2 Bb4 32. Bxd3 Bxd3 33. Bxb4 Rxb4 34. f3 Ke5 35. Kf2 Rb6 36. Ra7 f6 37. Rxh7 Ra6 38. g4 Ra1 39. Re7+ Kd6 40. Rb7 Rf1+ 41. Kg3 Rg1+ 42. Kf2 Rf1+ 43. Kg2 Re1 44. Kf2 1/2-1/2

[Event "CZE-chT2F 1011"]
[Site "Czech Republic"]
[Date "2011.02.20"]
[Round "8.4"]
[White "Miturova, Magdalena"]
[Black "Kopec, Ladislav"]
[Result "1/2-1/2"]
[WhiteElo "2133"]
[BlackElo "2194"]
[PlyCount "57"]
[EventDate "2010.10.17"]
[EventType "team-tourn"]
[EventRounds "11"]
[EventCountry "CZE"]
[SourceTitle "EXT 2012"]
[Source "ChessBase"]
[SourceDate "2011.11.24"]
[SourceVersion "1"]
[SourceVersionDate "2011.11.24"]
[SourceQuality "1"]
[WhiteTeam "Frydek Mistek II"]
[BlackTeam "Ostrava Mittal II"]
[WhiteTeamCountry "CZE"]
[BlackTeamCountry "CZE"]

1. e4 c5 2. Nf3 e6 3. d4 cxd4 4. Nxd4 a6 5. Nc3 b5 6. Bd3 Qb6 7. Nb3 Qc7 8. Qe2 Bb7 9. Bd2 Be7 10. 0-0 d6 11. a4 b4 12. Na2 a5 13. c3 bxc3 14. Nxc3 Nf6 15. Nb5 Qd8 16. Rfc1 Nc6 17. Rxc6 Bxc6 18. Rc1 Qb6 19. Nxa5 Rxa5 20. Bxa5 Qxa5 21. Rxc6 0-0 22. b3 Qb4 23. Bc2 d5 24. exd5 exd5 25. h3 Bc5 26. Nc7 Qd4 27. Nb5 Qb4 28. Nc7 Qd4 29. Nb5 1/2-1/2